000 00876nam a22002651 4500
001 10458
003 BD-RjUL
005 20211208234946.0
008 140123s1967 nyua bp 001 0 eng
035 _a(BD-RjUL)10506
040 _aDLC
_cDLC
_dDLC
_dBD-RjUL
_beng
041 _aeng
082 0 0 _a541.34077
_bBAC
100 1 _aBanks, James E.
_932314
245 1 0 _aChemical equilibrium and solutions;
_ba programmed introduction
_c[by] James E. Banks.
260 _aNew York :
_bMcGraw-Hill ,
_cc1967.
300 _ax, 172 p. :
_billus. ;
_c23 cm.
504 _aIncludes bibliographies and index.
650 0 _aChemical equilibrium
_xProgrammed instruction.
_932315
650 0 _aSolution (Chemistry)
_xProgrammed instruction.
_932316
650 0 _aElectrolyte solutions
_xProgrammed instruction.
_932317
942 _2ddc
_cBK
999 _c10458
_d10458